Chefs lieux sans E - Statistiques

Statistiques générales
  • Ce quiz a été pris 49 fois
  • Le résultat moyen est 25 sur 31
Statistiques - réponses
Réponse % Correct
Strasbourg
95%
Tours
95%
Lyon
93%
Pau
93%
Nancy
91%
Toulon
91%
Dijon
89%
Niort
89%
Paris
89%
Arras
86%
Ajaccio
84%
Bastia
84%
Saint-Lô
84%
Albi
82%
Auch
82%
Blois
82%
Colmar
82%
Gap
82%
Laon
82%
Aurillac
80%
Avignon
77%
Laval
77%
Moulins
77%
Montauban
75%
Cahors
73%
Mâcon
73%
Foix
70%
Mamoudzou
70%
Privas
66%
Chaumont
64%
Bobigny
61%
Aucun quiz correspondant
Distribution des résultats
% des personnes avec chaque résultat
Percentile par nombre de réponses
Votre historique - résultats
Vous n’avez pas pris ce quiz